000 00953nam a2200265Ia 4500
003 OSt
005 20220923211554.0
006 a|||||r|||| 00| 0
007 ta
008 220922b |||||||| |||| 00| 0 hin d
020 _a9789385450617 (hbk)
_c300
024 _a324,701
037 _b383, 10/03/2018, Eastern Book Linkers
_cTextual
040 _aARTS
_cARTS
_bhin
041 _2hin
_ahin
082 _aY72, 152Q6
100 _aमीणा, गंगा सहाय, ले.
245 0 _aआदिवासी चितंन की भूमिका
246 _aĀdivāsī chitanna kī bhūmikā
260 _aदिल्ली
_b अनन्य प्रकाशन
_c2016
300 _a144पृ.
_ccm.
650 _aआदिवासी समाज
_9160807
942 _hY72, 152Q6
_cTEXL
_2CC
999 _c300868
_d300868